Statistics for Countries With Footballers in the UCL Finals (2015-2019)

Click here to take the quiz!

General Stats

  • This quiz has been taken 465 times
  • The average score is 19 of 28

Answer Stats

#PlayersCountry% Correct
20Álvaro Morata, Andrés Iniesta, Dani Carvajal, Fernando Llorente, Fernando Torres, Gabi, Gerard Piqué, Isco, Jordi Alba, Juanfran, Koke, Lucas Hernández, Lucas Vázquez, Marco Asensio, Nacho, Pedro, Saúl, Sergio Busquets, Sergio Ramos & XaviSpain
98%
10Alisson, Alex Sandro, Casemiro, Danilo, Dani Alves, Fabinho, Filipe Luís, Marcelo, Neymar & Roberto FirminoBrazil
97%
11Adam Lallana, Danny Rose, Dele Alli, Eric Dier, Harry Kane, Harry Winks, James Milner, Joe Gomez, Jordan Henderson, Kieran Trippier & Trent Alexander-ArnoldEngland
97%
7Augusto Fernández, Carlos Tevez, Gonzalo Higuaín, Javier Mascherano, Lionel Messi, Paulo Dybala & Roberto PereyraArgentina
95%
9Antoine Griezmann, Hugo Lloris, Jérémy Mathieu, Karim Benzema, Kingsley Coman, Moussa Sissoko, Patrice Evra, Paul Pogba & Raphaël VaraneFrance
95%
5Emre Can, Loris Karius, Marc-André ter Stegen, Sami Khedira & Toni KroosGermany
95%
6Andrea Barzagli, Andrea Pirlo, Claudio Marchisio, Gianluigi Buffon, Giorgio Chiellini, Leonardo BonucciItaly
92%
2Cristiano Ronaldo & PepePortugal
90%
2Georginio Wijnaldum & Virgil van DijkNetherlands
87%
4Divock Origi, Jan Vertonghen, Toby Alderweireld & Yannick CarrascoBelgium
85%
4Dejan Lovren, Ivan Rakitić, Luka Modric & Mario MandžukićCroatia
84%
1Mohamed SalahEgypt
79%
1Sadio ManéSenegal
76%
2Diego Godín & Luis SuárezUruguay
73%
1Gareth BaleWales
70%
1Andrew RobertsonScotland
69%
1Juan CuadradoColombia
66%
1Arturo VidalChile
60%
1Christian EriksenDenmark
58%
1Stephan LichtsteinerSwitzerland
56%
1Joël MatipCameroon
54%
1Son Heung-minSouth Korea
50%
1Keylor NavasCosta Rica
44%
1ThomasGhana
41%
1Jan OblakSlovenia
39%
1Miralem PjanićBosnia and Herzegovina
35%
1Mario LeminaGabon
17%
1Stefan SavićMontenegro
17%

Score Distribution

Percentile by Number Answered

Percent of People with Each Score

Your Score History

You have not taken this quiz